| Поле | Название | Значение |
| |
Тип записи |
a |
| |
Библиографический уровень |
m |
| 001 |
Контрольный номер |
RU\infra-m\znanium\bibl\2205919 |
| 005 |
Дата корректировки |
20260429142118.0 |
| 008 |
Кодируемые данные |
250716s2025 RU g rus u |
| 020 |
Индекс ISBN |
__ |
| a |
ISBN |
978-5-907965-26-3 |
| 040 |
Источник каталогиз. |
__ |
| a |
Служба первич. каталог. |
Общество с ограниченной ответственностью «ЗНАНИУМ» |
| 041 |
Код языка издания |
__ |
| a |
Код языка текста |
rus |
| 044 |
Код страны публикации |
__ |
| a |
Код страны публикации |
RU |
| 080 |
Индекс УДК |
__ |
| a |
Индекс УДК |
30 |
| 080 |
Индекс УДК |
__ |
| a |
Индекс УДК |
574 |
| 084 |
Индекс другой классификации/Индекс ББК |
__ |
| 2 |
Источник индекса |
rubbk |
| a |
Индекс другой классификации/Индекс ББК |
60 |
| 084 |
Индекс другой классификации/Индекс ББК |
__ |
| 2 |
Источник индекса |
okso |
| a |
Индекс другой классификации/Индекс ББК |
38.04.01 |
| 084 |
Индекс другой классификации/Индекс ББК |
__ |
| 2 |
Источник индекса |
okso |
| a |
Индекс другой классификации/Индекс ББК |
38.04.04 |
| 084 |
Индекс другой классификации/Индекс ББК |
__ |
| 2 |
Источник индекса |
okso |
| a |
Индекс другой классификации/Индекс ББК |
40.04.01 |
| 100 |
Автор |
__ |
| a |
Автор |
Каипбекова С.В. |
| q |
Полное имя |
Каипбекова Саида Валихановна |
| u |
Дополнение |
Нижневартовский государственный университет |
| 245 |
Заглавие |
__ |
| a |
Заглавие |
Принципы построения новой экосистемы: социальные, экономические и юридические аспекты |
| b |
Продолж. заглавия |
Монография |
| c |
Ответственность |
Нижневартовский государственный университет; Московский государственный психолого-педагогический университет; Московский университет Министерства внутренних дел Российской Федерации им. В.Я. Кикотя; Санкт-Петербургский университет Федеральной службы исполнения наказаний; Северо-Кавказский федеральный университет; Национальный исследовательский Томский государственный университет; Российский государственный аграрный университет - МСХА им. К.А. Тимирязева; Нижневартовский государственный университет; Северо-Осетинский государственный университет им. К.Л. Хетагурова; Государственный аграрный университет Северного Зауралья; Институт управления, бизнеса и технологий |
| 250 |
Сведения об издании |
__ |
| a |
Основные сведения об издании |
1 |
| 260 |
Выходные данные |
__ |
| a |
Место издания |
Чебоксары |
| b |
Издательство |
ООО "Издательский дом "Среда" |
| c |
Дата издания |
2025 |
| 300 |
Физическое описание |
__ |
| a |
Объем |
176 с. |
| 520 |
Аннотация |
__ |
| a |
Аннотация |
В монографии представлены научно-исследовательские материалы известных и начинающих ученых объединенные основной темой современного видения социально-экономического развития. Монография может быть полезна для руководителей экономистов менеджеров юристов и других работников предприятий и организаций представителей органов государственной власти и местного самоуправления преподавателей аспирантов магистрантов и студентов высших учебных заведений. |
| 521 |
Примеч. о цел. назн. |
__ |
| a |
Примеч. о целев. назн. |
ВО - Магистратура |
| 650 |
Тематические рубрики |
__ |
| a |
Основная рубрика |
Право. Юридические науки |
| x |
Основная подрубрика |
Теория права. Правоведение |
| 655 |
Указ. предметных рубрик (устаревшее) |
__ |
| a |
Жанр/ форма (устаревшее) |
Монография |
| 700 |
Другие авторы |
__ |
| a |
Другие авторы |
Никифорова А.А. |
| q |
Полное имя |
Никифорова Алина Александровна |
| u |
Дополнение |
Нижневартовский государственный университет |
| 700 |
Другие авторы |
__ |
| a |
Другие авторы |
Юсифова З.В. |
| q |
Полное имя |
Юсифова Зарина Валихановна |
| u |
Дополнение |
Северо-Кавказский федеральный университет |
| 700 |
Другие авторы |
__ |
| a |
Другие авторы |
Сизова А.С. |
| q |
Полное имя |
Сизова Алла Сергеевна |
| u |
Дополнение |
Санкт-Петербургский университет Федеральной службы исполнения наказаний |
| 700 |
Другие авторы |
__ |
| a |
Другие авторы |
Лазарев В.А. |
| q |
Полное имя |
Лазарев Владислав Алексеевич |
| u |
Дополнение |
Санкт-Петербургский университет Федеральной службы исполнения наказаний |
| 700 |
Другие авторы |
__ |
| a |
Другие авторы |
Никулина И.Е. |
| q |
Полное имя |
Никулина Ирина Евгеньевна |
| u |
Дополнение |
Национальный исследовательский Томский государственный университет |
| 700 |
Другие авторы |
__ |
| a |
Другие авторы |
Щедрина Е.В. |
| q |
Полное имя |
Щедрина Елена Владимировна |
| u |
Дополнение |
Российский государственный аграрный университет - МСХА им. К.А. Тимирязева |
| 700 |
Другие авторы |
__ |
| a |
Другие авторы |
Минаков А.В. |
| q |
Полное имя |
Минаков Андрей Владимирович |
| u |
Дополнение |
Московский университет Министерства внутренних дел Российской Федерации им. В.Я. Кикотя |
| 700 |
Другие авторы |
__ |
| a |
Другие авторы |
Грязных Д.В. |
| q |
Полное имя |
Грязных Дмитрий Владимирович |
| u |
Дополнение |
Государственный аграрный университет Северного Зауралья |
| 700 |
Другие авторы |
__ |
| a |
Другие авторы |
Круглов В.Н. |
| q |
Полное имя |
Круглов Владимир Николаевич |
| u |
Дополнение |
Институт управления, бизнеса и технологий |
| 700 |
Другие авторы |
__ |
| a |
Другие авторы |
Гадзаова Л.П. |
| q |
Полное имя |
Гадзаова Людмила Петровна |
| u |
Дополнение |
Северо-Осетинский государственный университет им. К.Л. Хетагурова |
| 700 |
Другие авторы |
__ |
| a |
Другие авторы |
Салаватова А.М. |
| q |
Полное имя |
Салаватова Асиль Магомедовна |
| u |
Дополнение |
Нижневартовский государственный университет |
| 700 |
Другие авторы |
__ |
| a |
Другие авторы |
Феоктистова Л.Р. |
| q |
Полное имя |
Феоктистова Любовь Раисовна |
| u |
Дополнение |
Нижневартовский государственный университет |
| 700 |
Другие авторы |
__ |
| a |
Другие авторы |
Патрушева В.А. |
| q |
Полное имя |
Патрушева Виктория Алексеевна |
| u |
Дополнение |
Московский государственный психолого-педагогический университет |
| 700 |
Другие авторы |
__ |
| a |
Другие авторы |
Артемова Е.Э. |
| q |
Полное имя |
Артемова Ева Эдуардовна |
| u |
Дополнение |
Московский государственный психолого-педагогический университет |
| 700 |
Другие авторы |
__ |
| a |
Другие авторы |
Фомин Э.В. |
| q |
Полное имя |
Фомин Эдуард Валентинович |
| u |
Дополнение |
Чувашский государственный институт культуры и искусств |
| 856 |
Электронный адрес документа |
4_ |
| a |
Имя сервера/домена |
znanium.ru |
| m |
Помощь |
ebs_support@infra-m.ru |
| n |
Местонахождение сервера |
НИЦ ИНФРА-М |
| u |
URL |
https://znanium.ru/catalog/document?id=463087 |
| 856 |
Электронный адрес документа |
48 |
| a |
Имя сервера/домена |
znanium.ru |
| d |
Путь |
/cover/2205 |
| f |
Электронное имя |
2205919.jpg |
| q |
Тип электронного формата |
image/jpeg |
| u |
URL |
https://znanium.ru/cover/2205/2205919.jpg |
| 911 |
|
__ |
| u |
|
0030=https://znanium.ru/catalog/document?id=463087 |
| 911 |
|
__ |
| u |
|
712a=Московский государственный психолого-педагогический университет |
| 911 |
|
__ |
| u |
|
712a=Московский университет Министерства внутренних дел Российской Федерации им. В.Я. Кикотя |
| 911 |
|
__ |
| u |
|
712a=Санкт-Петербургский университет Федеральной службы исполнения наказаний |
| 911 |
|
__ |
| u |
|
712a=Северо-Кавказский федеральный университет |
| 911 |
|
__ |
| u |
|
712a=Национальный исследовательский Томский государственный университет |
| 911 |
|
__ |
| u |
|
712a=Российский государственный аграрный университет - МСХА им. К.А. Тимирязева |
| 911 |
|
__ |
| u |
|
712a=Нижневартовский государственный университет |
| 911 |
|
__ |
| u |
|
712a=Северо-Осетинский государственный университет им. К.Л. Хетагурова |
| 911 |
|
__ |
| u |
|
712a=Государственный аграрный университет Северного Зауралья |
| 911 |
|
__ |
| u |
|
712a=Институт управления, бизнеса и технологий |